Applied Circuit Analysis (Record no. 54914)
[ view plain ]
| 000 -LEADER | |
|---|---|
| fixed length control field | 00317nam a22001457a 4500 |
| 008 - FIXED-LENGTH DATA ELEMENTS--GENERAL INFORMATION | |
| fixed length control field | 190925b ||||| |||| 00| 0 eng d |
| 020 ## - INTERNATIONAL STANDARD BOOK NUMBER | |
| International Standard Book Number | 9780078028076 |
| 041 ## - LANGUAGE CODE | |
| Language code of text/sound track or separate title | eng |
| 080 ## - UNIVERSAL DECIMAL CLASSIFICATION NUMBER | |
| Universal Decimal Classification number | 004 |
| 082 ## - DEWEY DECIMAL CLASSIFICATION NUMBER | |
| Classification number | 004 |
| 100 ## - Rafti | |
| Rafti | 28 |
| 101 ## - Shkurtesa | |
| Shkurtesa | SHKI |
| 245 ## - TITLE STATEMENT | |
| Title | Applied Circuit Analysis |
| Statement of responsibility, etc | Sadiku.M.N.O |
| 942 ## - ADDED ENTRY ELEMENTS (KOHA) | |
| Source of classification or shelving scheme | |
| Item type | Books |
| Withdrawn status | Lost status | Source of classification or shelving scheme | Damaged status | Not for loan | Permanent location | Current location | Date acquired | Total Checkouts | Full call number | Barcode | Date last seen | Price effective from | Koha item type |
|---|---|---|---|---|---|---|---|---|---|---|---|---|---|
| UBT - Gjilan | UBT - Gjilan | 09/25/2019 | 004 | 002-3020311 | 09/25/2019 | 09/25/2019 | Books | ||||||
| UBT - Gjilan | UBT - Gjilan | 09/25/2019 | 004 | 002-3020306 | 09/25/2019 | 09/25/2019 | Books | ||||||
| UBT - Gjilan | UBT - Gjilan | 09/25/2019 | 004 | 002-3020260 | 09/25/2019 | 09/25/2019 | Books | ||||||
| UBT - Gjilan | UBT - Gjilan | 09/25/2019 | 004 | 002-3020301 | 09/25/2019 | 09/25/2019 | Books | ||||||
| UBT - Gjilan | UBT - Gjilan | 09/25/2019 | 004 | 002-3020296 | 09/25/2019 | 09/25/2019 | Books |